000 00697nam a2200253Ia 4500
003 OSt
005 20220918164931.0
006 a|||||r|||| 00| 0
007 ta
008 220917b |||||||| |||| 00| 0 eng d
020 _a0817307788
024 _a2,694
037 _cTextual
040 _aARTS
_cARTS
_beng
041 _2eng
_aeng
082 _aO111:g, N51
100 _aEdding Dwieght ed
_921789
245 0 _aEmperor redressed
_b Critiquing critical theory
260 _aLondon
_bThe univ of Alabama press
_c1995
300 _aviii,228p Index
_ccm.
650 _aENGLISH LITERATURE
942 _hO111:g, N51
_cTEXL
_2CC
999 _c127508
_d127508